| 000 | nam a22 a 4500 | ||
|---|---|---|---|
| 999 |
_c3291 _d3291 |
||
| 003 | AKMAL | ||
| 005 | 20170522110200.0 | ||
| 008 | 170522s1999 my 00 eng d | ||
| 020 |
_a9837203870 (pbk.): _cRM 19.50 |
||
| 040 | _cAKMAL | ||
| 082 | 0 | 4 | _a658.4012 DIW |
| 090 | 0 | 0 |
_a658.4012 _bDIW |
| 100 | 1 |
_aDiwan, Parag _9579 |
|
| 245 | 1 | 0 |
_aStrategic management / _cParag Diwan |
| 260 |
_aKuala Lumpur : _bGolden Books Centre, _c1999 |
||
| 300 | 0 | 0 |
_aiii, 279p. ; _c22cm |
| 500 | _aIncludes index | ||
| 650 | 0 |
_aManagement _91462 |
|
| 650 | 0 |
_aStrategic planning _96200 |
|
| 942 |
_2ddc _cBOOK |
||